Loading...
| Science - Biology | 0 | 6 | 1 | 2 | 55 | 60 | 99.83 | 0 | 4 | 0.00 | 0.00 |
| Literature - British | 0 | 4 | 1 | 0 | 35 | 112 | 126.25 | 0 | 1 | 0.00 | 0.00 |
| Science - Physics | 0 | 4 | 2 | 0 | 30 | 83 | 92.25 | 0 | 4 | 0.00 | 0.00 |
| Science - Other | 0 | 3 | 0 | 1 | 30 | 66 | 92.67 | 0 | 1 | 0.00 | 0.00 |
| Science - Chemistry | 0 | 4 | 2 | 2 | 30 | 54 | 87.50 | 2 | 3 | 0.00 | 0.00 |
| History - American | 0 | 3 | 0 | 0 | 30 | 96 | 116.67 | 0 | 3 | 0.00 | 0.00 |
| Literature - World | 0 | 3 | 0 | 1 | 30 | 92 | 114.33 | 0 | 0 | 0.00 | 0.00 |
| Literature - American | 0 | 3 | 1 | 0 | 25 | 124 | 141.00 | 0 | 0 | 0.00 | 0.00 |
| History - Other | 0 | 3 | 1 | 1 | 25 | 113 | 126.67 | 0 | 0 | 0.00 | 0.00 |
| Social Science | 0 | 2 | 0 | 1 | 20 | 121 | 126.00 | 0 | 0 | 0.00 | 0.00 |
| Fine Arts - Other | 0 | 2 | 0 | 0 | 20 | 130 | 136.50 | 0 | 0 | 0.00 | 0.00 |
| Literature - European | 0 | 3 | 2 | 0 | 20 | 118 | 132.00 | 0 | 3 | 0.00 | 0.00 |
| Other | 0 | 1 | 0 | 0 | 10 | 108 | 108.00 | 0 | 1 | 0.00 | 0.00 |
| Mythology | 0 | 1 | 0 | 0 | 10 | 133 | 133.00 | 0 | 0 | 0.00 | 0.00 |
| Fine Arts - Classical Music | 0 | 1 | 0 | 1 | 10 | 129 | 129.00 | 0 | 1 | 0.00 | 0.00 |
| History - European | 0 | 1 | 1 | 0 | 5 | 117 | 117.00 | 0 | 0 | 0.00 | 0.00 |